Normal view
MARC view
- Histopathology MS-Thesis.
Entry Topical Term
001 - CONTROL NUMBER
- control field: 30707
003 - CONTROL NUMBER IDENTIFIER
- control field: NUST
005 - DATE AND TIME OF LATEST TRANSACTION
- control field: 20200924101438.0
008 - FIXED-LENGTH DATA ELEMENTS
- fixed length control field: 200924|| aca||aabn | a|a d
040 ## - CATALOGING SOURCE
- Original cataloging agency: NUST
- Transcribing agency: NUST
150 ## - HEADING--TOPICAL TERM
- Topical term or geographic name entry element: Histopathology MS-Thesis.
670 ## - SOURCE DATA FOUND
- Source citation: Work cat.: (NUST): Iftikhar, Rida 30706, HISTOPATHOLOGICAL AND IMMUNOHISTOCHEMICAL ANALYSIS OF SMALL INTESTINAL BIOPSIES IN ADULT MALABSORPTION SYNDROME /, 2016.
